[Event "Boudiba Memorial"]
[Site "chess24.com INT"]
[Date "2020.06.14"]
[Round "8"]
[White "Abergel, Thal"]
[Black "Oussedik, Mahfoud"]
[Result "0-1"]
[WhiteElo "2460"]
[BlackElo "2404"]
[PlyCount "72"]
[EventDate "2020.06.14"]
[EventType "tourn (blitz)"]
[EventRounds "15"]
[EventCountry "ALG"]
[EventCategory "5"]
[SourceTitle "CBM 196 Extra"]
[Source "ChessBase"]
[SourceDate "2020.07.31"]
[SourceVersion "1"]
[SourceVersionDate "2020.07.31"]
[SourceQuality "1"]

1. e4 c5 2. Nc3 Nc6 3. Bb5 g6 4. Bxc6 dxc6 5. d3 Bg7 6. f4 Nh6 7. Nf3 0-0 8. 0-0 f6 9. Qe2 Nf7 10. b3 Bg4 11. Bb2 e5 12. h3 Bxf3 13. Qxf3 exf4 14. Qxf4 Ne5 15. Ne2 Re8 16. Bxe5 Rxe5 17. Rf3 Qd7 18. Raf1 Rae8 19. Qg3 f5 20. exf5 Rxe2 21. f6 Bxf6 22. Rxf6 R2e6 23. Rxe6 Qxe6 24. Qf2 Qe3 25. Qxe3 Rxe3 26. Kf2 Re6 27. Re1 Kf7 28. Rxe6 Kxe6 29. Ke3 Ke5 30. a4 b5 31. c4 a6 32. a5 g5 33. g3 h5 34. h4 g4 35. Ke2 Kd4 36. Kd2 b4 0-1

[Event "Boudiba Memorial"]
[Site "chess24.com INT"]
[Date "2020.06.14"]
[Round "3"]
[White "Oussedik, Mahfoud"]
[Black "Aflalo, Sophie"]
[Result "0-1"]
[WhiteElo "2404"]
[BlackElo "2156"]
[PlyCount "138"]
[EventDate "2020.06.14"]
[EventType "tourn (blitz)"]
[EventRounds "15"]
[EventCountry "ALG"]
[EventCategory "5"]
[SourceTitle "CBM 196 Extra"]
[Source "ChessBase"]
[SourceDate "2020.07.31"]
[SourceVersion "1"]
[SourceVersionDate "2020.07.31"]
[SourceQuality "1"]

1. d4 Nf6 2. c4 g6 3. Nc3 Bg7 4. e4 d6 5. Nf3 0-0 6. Be2 Nbd7 7. 0-0 e5 8. Re1 c6 9. h3 Qe7 10. Bf1 exd4 11. Nxd4 Nc5 12. f3 Qe5 13. f4 Qe7 14. Qf3 Nfxe4 15. Nxe4 Bxd4+ 16. Be3 Bxe3+ 17. Rxe3 Nxe4 18. Qxe4 Qf6 19. Re2 Be6 20. Rd1 Rad8 21. b3 d5 22. cxd5 cxd5 23. Qd4 Qxd4+ 24. Rxd4 Rc8 25. Red2 Rc1 26. Kf2 Rfc8 27. Be2 R8c2 28. Bf3 Rxd2+ 29. Rxd2 Rc5 30. Ke3 Kf8 31. Kd4 b6 32. Bg4 Ke7 33. Ke5 h5 34. Bf3 f6+ 35. Kd4 Kd6 36. g4 h4 37. g5 fxg5 38. fxg5 Rc1 39. Bg4 Bxg4 40. hxg4 Rg1 41. Ke3 Rxg4 42. Rh2 Ke5 43. Kf3 Rg3+ 44. Kf2 Rg4 45. Kf3 Kf5 46. Rd2 d4 47. Re2 Kxg5 48. Re5+ Kf6 49. Rd5 Rg3+ 50. Kf2 Rg4 51. Kf3 Rg3+ 52. Kf2 Rg5 53. Rxd4 Rh5 54. Rd7 h3 55. Kg1 g5 56. Rxa7 Kf5 57. Rb7 Rh6 58. a4 g4 59. Rg7 Kf4 60. Kh2 Re6 61. Rf7+ Kg5 62. Rg7+ Kh5 63. Rh7+ Kg6 64. Rh8 Re2+ 65. Kh1 Kg5 66. Rc8 g3 67. Rc1 Kg4 68. b4 h2 69. a5 Kh3 0-1

[Event "Boudiba Memorial"]
[Site "chess24.com INT"]
[Date "2020.06.14"]
[Round "5"]
[White "Oussedik, Mahfoud"]
[Black "Bellahcene, Bilel"]
[Result "0-1"]
[WhiteElo "2404"]
[BlackElo "2501"]
[PlyCount "80"]
[EventDate "2020.06.14"]
[EventType "tourn (blitz)"]
[EventRounds "15"]
[EventCountry "ALG"]
[EventCategory "5"]
[SourceTitle "CBM 196 Extra"]
[Source "ChessBase"]
[SourceDate "2020.07.31"]
[SourceVersion "1"]
[SourceVersionDate "2020.07.31"]
[SourceQuality "1"]

1. d4 Na6 2. Na3 e6 3. Nc4 d5 4. Ne5 c6 5. e3 Bd6 6. Ngf3 Ne7 7. c4 0-0 8. c5 Bb8 9. Bxa6 Qa5+ 10. Bd2 Qxa6 11. Qe2 b6 12. Qxa6 Bxa6 13. Nd7 Rd8 14. Nxb8 Rdxb8 15. Bb4 Nf5 16. 0-0-0 f6 17. Rd2 Bc4 18. b3 a5 19. Ba3 Ba6 20. cxb6 Rxb6 21. Bc5 Rb7 22. g4 Nh6 23. g5 Nf5 24. gxf6 gxf6 25. Rg1+ Kf7 26. Ne1 a4 27. b4 a3 28. Nd3 Bc4 29. Kb1 Nh4 30. Rg3 Rg8 31. Ne1 Nf5 32. Rxg8 Kxg8 33. Nc2 Nh4 34. Nxa3 Nf3 35. Rd1 Be2 36. Rh1 h5 37. Kb2 h4 38. h3 Rg7 39. b5 cxb5 40. Nxb5 Bxb5 0-1

[Event "Boudiba Memorial"]
[Site "chess24.com INT"]
[Date "2020.06.14"]
[Round "14"]
[White "Oussedik, Mahfoud"]
[Black "Cohen Revivo, Shoham"]
[Result "0-1"]
[WhiteElo "2404"]
[BlackElo "2221"]
[PlyCount "34"]
[EventDate "2020.06.14"]
[EventType "tourn (blitz)"]
[EventRounds "15"]
[EventCountry "ALG"]
[EventCategory "5"]
[SourceTitle "CBM 196 Extra"]
[Source "ChessBase"]
[SourceDate "2020.07.31"]
[SourceVersion "1"]
[SourceVersionDate "2020.07.31"]
[SourceQuality "1"]

1. d4 Nf6 2. c4 c5 3. d5 e6 4. Nc3 exd5 5. cxd5 d6 6. e4 g6 7. Nf3 a6 8. a4 Bg4 9. Be2 Bg7 10. 0-0 0-0 11. Nd2 Bxe2 12. Qxe2 Re8 13. f4 Nbd7 14. Qd3 h5 15. Nc4 Qe7 16. Re1 Ng4 17. Ne3 Qh4 0-1

[Event "Boudiba Memorial"]
[Site "chess24.com INT"]
[Date "2020.06.14"]
[Round "13"]
[White "Oussedik, Mahfoud"]
[Black "Hamdouchi, Hicham"]
[Result "0-1"]
[WhiteElo "2404"]
[BlackElo "2561"]
[PlyCount "132"]
[EventDate "2020.06.14"]
[EventType "tourn (blitz)"]
[EventRounds "15"]
[EventCountry "ALG"]
[EventCategory "5"]
[SourceTitle "CBM 196 Extra"]
[Source "ChessBase"]
[SourceDate "2020.07.31"]
[SourceVersion "1"]
[SourceVersionDate "2020.07.31"]
[SourceQuality "1"]

1. d4 Nf6 2. c4 b6 3. Nc3 Bb7 4. Nf3 g6 5. Qc2 d5 6. cxd5 Nxd5 7. e4 Nxc3 8. bxc3 Bg7 9. Be3 Nd7 10. Be2 0-0 11. 0-0 e6 12. Nd2 c5 13. a4 Qc7 14. Qb3 Rac8 15. f3 cxd4 16. cxd4 Qc3 17. Qxc3 Rxc3 18. Kf2 Rfc8 19. a5 Rc2 20. axb6 axb6 21. Ra7 R8c7 22. Bd3 R2c3 23. Bb5 f5 24. e5 Bf8 25. Rb1 Bd5 26. Rxc7 Rxc7 27. Bxd7 Rxd7 28. Rxb6 Rc7 29. Rb8 Kf7 30. Rb2 Be7 31. f4 h6 32. Nf3 Rc3 33. Bd2 Rc4 34. Be3 Ke8 35. h3 Kd7 36. g4 Rc3 37. g5 hxg5 38. Nxg5 Bxg5 39. fxg5 f4 40. Bd2 Rxh3 41. Rb6 Rh2+ 42. Ke1 f3 43. Be3 Re2+ 44. Kf1 Rxe3 45. Rd6+ Ke7 46. Kf2 Rd3 47. Ra6 Rd2+ 48. Ke3 Re2+ 49. Kd3 Rb2 50. Ra7+ Bb7 51. Kc3 Rb6 52. Ra2 Kd7 53. Rh2 Kc6 54. Rf2 Kc7 55. Rh2 Ra6 56. Rh7+ Kb6 57. Rf7 Ra3+ 58. Kb4 Ra2 59. Kb3 Bd5+ 60. Kc3 Kc6 61. Kd3 Ra3+ 62. Kd2 Kb5 63. Rc7 Ra2+ 64. Ke3 Re2+ 65. Kd3 Be4+ 66. Kc3 Rc2+ 0-1

[Event "Boudiba Memorial"]
[Site "chess24.com INT"]
[Date "2020.06.14"]
[Round "7"]
[White "Oussedik, Mahfoud"]
[Black "Vlachos, Anatole"]
[Result "0-1"]
[WhiteElo "2404"]
[BlackElo "2401"]
[PlyCount "60"]
[EventDate "2020.06.14"]
[EventType "tourn (blitz)"]
[EventRounds "15"]
[EventCountry "ALG"]
[EventCategory "5"]
[SourceTitle "CBM 196 Extra"]
[Source "ChessBase"]
[SourceDate "2020.07.31"]
[SourceVersion "1"]
[SourceVersionDate "2020.07.31"]
[SourceQuality "1"]

1. d4 f5 2. c4 Nf6 3. Nf3 e6 4. e3 b6 5. Nc3 Bb4 6. Qb3 a5 7. a3 a4 8. Qc2 Bxc3+ 9. Qxc3 Bb7 10. Bd3 0-0 11. 0-0 Bxf3 12. gxf3 Qe8 13. Kh1 Qh5 14. Be2 f4 15. Qc2 Nc6 16. Bd2 Ne7 17. e4 Ng6 18. Rg1 Ne8 19. Rg4 e5 20. Bc3 Nf6 21. Rgg1 d6 22. Rad1 Nd7 23. Rg4 exd4 24. Bxd4 Nde5 25. Rg2 Nh4 26. Rgg1 Nhxf3 27. Rg2 Qh3 28. Bxf3 Qxf3 29. Rd3 Qxe4 30. f3 Qf5 0-1

[Event "Boudiba Memorial"]
[Site "chess24.com INT"]
[Date "2020.06.14"]
[Round "12"]
[White "Shchekachev, Andrei"]
[Black "Oussedik, Mahfoud"]
[Result "1-0"]
[WhiteElo "2533"]
[BlackElo "2404"]
[PlyCount "41"]
[EventDate "2020.06.14"]
[EventType "tourn (blitz)"]
[EventRounds "15"]
[EventCountry "ALG"]
[EventCategory "5"]
[SourceTitle "CBM 196 Extra"]
[Source "ChessBase"]
[SourceDate "2020.07.31"]
[SourceVersion "1"]
[SourceVersionDate "2020.07.31"]
[SourceQuality "1"]

1. Nf3 d5 2. d4 Nf6 3. c4 e6 4. Nc3 Be7 5. Bf4 0-0 6. Qc2 c5 7. dxc5 Bxc5 8. e3 Nc6 9. Rd1 Qa5 10. Be2 dxc4 11. Bxc4 a6 12. 0-0 b5 13. Be2 Nb4 14. Qb1 Nbd5 15. Nxd5 Nxd5 16. Ng5 g6 17. Be5 Nxe3 18. Ne4 Nxf1 19. Nxc5 Nd2 20. Qc1 Nc4 21. Bf6 1-0

[Event "Djerba Go Makkah"]
[Site "Djerba"]
[Date "2020.02.23"]
[Round "9"]
[White "Oussedik, Mahfoud"]
[Black "Gagunashvili, Merab"]
[Result "0-1"]
[WhiteElo "2423"]
[BlackElo "2580"]
[PlyCount "121"]
[EventDate "2020.02.16"]
[EventType "tourn"]
[EventRounds "9"]
[EventCountry "TUN"]
[EventCategory "12"]
[SourceTitle "CBM 195 Extra"]
[Source "ChessBase"]
[SourceDate "2020.05.31"]
[SourceVersion "1"]
[SourceVersionDate "2020.05.31"]
[SourceQuality "1"]

1. d4 Nf6 2. c4 c5 3. d5 e6 4. Nc3 exd5 5. cxd5 d6 6. e4 g6 7. Nf3 Bg7 8. Nd2 0-0 9. Be2 a6 10. a4 Nbd7 11. 0-0 Re8 12. f4 Rb8 13. g4 h6 14. h4 Nh7 15. Nf3 Ndf6 16. Nd2 Nd7 17. Nf3 Ndf6 18. Nd2 h5 19. gxh5 Nxh5 20. Bxh5 Qxh4 21. Qf3 gxh5 22. Kg2 Bg4 23. Qg3 Qxg3+ 24. Kxg3 b5 25. axb5 axb5 26. Nd1 Ra8 27. Rxa8 Rxa8 28. Ne3 Bd7 29. Rh1 Nf6 30. e5 dxe5 31. fxe5 Ng4 32. Nxg4 Bxg4 33. Nf3 Rd8 34. d6 Ra8 35. Bf4 Ra2 36. Rd1 Bd7 37. e6 fxe6 38. Be5 Bf8 39. Kh4 Kf7 40. Ng5+ Kg6 41. Nf3 Ra4+ 42. Kh3 Bh6 43. Nh4+ Kg5 44. Nf3+ Kf5 45. Bg3 Bf4 46. Re1 Bxg3 47. Kxg3 Rg4+ 48. Kf2 Re4 49. Ra1 Rb4 50. Ra7 Rxb2+ 51. Kg3 Bc6 52. Rf7+ Ke4 53. Ng5+ Ke5 54. d7 Rg2+ 55. Kh4 Rd2 56. Re7 Bxd7 57. Kxh5 Rh2+ 58. Kg4 Kd6 59. Rg7 Bc6 60. Nf7+ Kd5 61. Rg5+ 0-1

[Event "Africa-ch"]
[Site "Hammamet"]
[Date "2019.07.16"]
[Round "8"]
[White "Anwuli, Daniel"]
[Black "Oussedik, Mahfoud"]
[Result "0-1"]
[WhiteElo "2295"]
[BlackElo "2440"]
[PlyCount "134"]
[EventDate "2019.07.09"]
[EventType "swiss"]
[EventRounds "9"]
[EventCountry "TUN"]
[SourceTitle "CBM 191 Extra"]
[Source "ChessBase"]
[SourceDate "2019.09.30"]
[SourceVersion "1"]
[SourceVersionDate "2019.09.30"]
[SourceQuality "1"]

1. c4 Nf6 2. g3 e6 3. Nf3 d5 4. b3 d4 5. Bg2 c5 6. 0-0 Nc6 7. d3 Be7 8. e3 0-0 9. exd4 Nxd4 10. Bb2 Qb6 11. Nc3 Bd7 12. Ne5 Be8 13. Ne2 Nf5 14. d4 Rd8 15. d5 exd5 16. cxd5 Nd6 17. Qc2 Bd7 18. Rac1 Rc8 19. Nxd7 Nxd7 20. Bh3 Rfd8 21. Rfe1 Rc7 22. Nf4 Bg5 23. Nh5 Bh6 24. Qe2 Nf8 25. Qe5 Ne8 26. Rcd1 Qd6 27. Qe2 Qg6 28. f4 Nd6 29. g4 f6 30. Kh1 Re8 31. Qf3 Rce7 32. Rxe7 Rxe7 33. f5 Qe8 34. Bxf6 Re1+ 35. Bf1 Re3 36. Qg2 Nxf5 37. Bxg7 Bxg7 38. gxf5 Qxh5 39. f6 Ng6 40. Qd2 Bxf6 41. d6 Re4 42. Qc2 Rd4 43. Bc4+ Kg7 44. Rf1 Qe5 45. Qg2 Qe4 46. Qxe4 Rxe4 47. Bd5 Rd4 48. Bxb7 Rxd6 49. Rc1 Bd4 50. Rc4 a5 51. Be4 Nf4 52. h4 Rh6 53. Kh2 Rxh4+ 54. Kg3 Ng6 55. Bxg6 Bf2+ 56. Kxf2 Rxc4 57. Bxh7 Rd4 58. Bb1 Rd1 59. Be4 Kf6 60. Ke2 Ra1 61. a4 Ke5 62. Bg6 Kd4 63. Kd2 Rh1 64. Kc2 Rh2+ 65. Kb1 Kc3 66. Bf7 Rb2+ 67. Ka1 Rxb3 0-1

[Event "Africa-ch"]
[Site "Hammamet"]
[Date "2019.07.15"]
[Round "7"]
[White "Oussedik, Mahfoud"]
[Black "Solomon, Kenny"]
[Result "0-1"]
[WhiteElo "2440"]
[BlackElo "2375"]
[PlyCount "86"]
[EventDate "2019.07.09"]
[EventType "swiss"]
[EventRounds "9"]
[EventCountry "TUN"]
[SourceTitle "CBM 191 Extra"]
[Source "ChessBase"]
[SourceDate "2019.09.30"]
[SourceVersion "1"]
[SourceVersionDate "2019.09.30"]
[SourceQuality "1"]

1. d4 Nf6 2. c4 c5 3. d5 g6 4. Nc3 d6 5. e4 Bg7 6. Be2 0-0 7. Nf3 e5 8. 0-0 Ne8 9. Ne1 f5 10. f3 Nd7 11. Nd3 f4 12. a3 Ndf6 13. b4 b6 14. bxc5 bxc5 15. Rb1 Nh5 16. Nf2 Bf6 17. Bd2 Bh4 18. Be1 Neg7 19. Nh1 Bxe1 20. Qxe1 g5 21. Qd2 Nf6 22. g4 fxg3 23. hxg3 Nfh5 24. Rf2 Qf6 25. Rh2 Qg6 26. Nf2 Nxg3 27. Rg2 Nxe2+ 28. Nxe2 h6 29. Rb3 Ba6 30. Qc3 Rf7 31. Ng4 Raf8 32. Nh2 Nh5 33. Rf2 Kh7 34. Rg2 Bc8 35. Rb8 Bh3 36. Rxf8 Rxf8 37. Rf2 Rf7 38. Qd3 Rg7 39. Qb1 Rf7 40. Qb8 Qf6 41. Nf1 g4 42. Nfg3 Nxg3 43. Nxg3 gxf3 0-1

[Event "El Ksiba op"]
[Site "El Ksiba"]
[Date "2019.04.10"]
[Round "4"]
[White "Oussedik, Mahfoud"]
[Black "Douich, Mehdi"]
[Result "1-0"]
[WhiteElo "2440"]
[BlackElo "2022"]
[PlyCount "129"]
[EventDate "2019.04.08"]
[EventType "swiss"]
[EventRounds "9"]
[EventCountry "MAR"]
[SourceTitle "CBM 189 Extra"]
[Source "ChessBase"]
[SourceDate "2019.06.03"]
[SourceVersion "1"]
[SourceVersionDate "2019.06.03"]
[SourceQuality "1"]

1. d4 Nf6 2. c4 g6 3. Nc3 Bg7 4. e4 d6 5. Be2 0-0 6. Nf3 e5 7. 0-0 Nc6 8. d5 Ne7 9. Ne1 Nd7 10. f3 f5 11. g4 fxg4 12. fxg4 Rxf1+ 13. Kxf1 h6 14. h4 a5 15. Nd3 b6 16. Be3 Ba6 17. b3 Kh7 18. Kg2 Ng8 19. g5 Nc5 20. Nf2 Bc8 21. Qh1 h5 22. Qd1 Qe8 23. Qc2 Bd7 24. Rf1 Ne7 25. Qd1 Qh8 26. Nh1 Rf8 27. Rg1 Rf4 28. Nf2 Rf7 29. Rf1 Qc8 30. Kh2 Kg8 31. Nh1 Rxf1 32. Qxf1 Bg4 33. Nf2 Bxe2 34. Qxe2 Na6 35. Nb5 Qd7 36. Qd3 Nc8 37. a3 Kh7 38. Bd2 Nc5 39. Qc2 c6 40. Nc3 Ne7 41. b4 Nb7 42. Qa4 Qc7 43. dxc6 Qxc6 44. Qxc6 Nxc6 45. Nd3 axb4 46. axb4 Bf8 47. Be3 Nd4 48. Nd5 b5 49. Bxd4 bxc4 50. Nxe5 dxe5 51. Bxe5 Bd6 52. Bxd6 Nxd6 53. Nc3 Kg7 54. Kg3 Kf7 55. Kf4 Ke6 56. b5 Nb7 57. Na4 Kd6 58. Ke3 Ke5 59. b6 Na5 60. Nc5 Nc6 61. b7 Nb8 62. Na4 Nc6 63. Nb6 Kd6 64. Nd5 Ke5 65. Ne7 1-0

[Event "Arab-chT op"]
[Site "Hammamet"]
[Date "2019.03.04"]
[Round "2.1"]
[White "Omar, Noaman"]
[Black "Oussedik, Mahfoud"]
[Result "0-1"]
[WhiteElo "2356"]
[BlackElo "2365"]
[PlyCount "84"]
[EventDate "2019.03.03"]
[EventType "team-swiss"]
[EventRounds "7"]
[EventCountry "TUN"]
[SourceTitle "EXT 2024"]
[Source "ChessBase"]
[SourceDate "2023.10.10"]
[SourceVersion "1"]
[SourceVersionDate "2023.10.10"]
[SourceQuality "1"]
[WhiteTeam "United Arab Emirates"]
[BlackTeam "Algeria"]
[WhiteTeamCountry "UAE"]
[BlackTeamCountry "ALG"]

1. d4 Nf6 2. c4 e6 3. Nf3 d5 4. Nc3 Be7 5. Bg5 h6 6. Bxf6 Bxf6 7. e3 0-0 8. Rc1 c6 9. Bd3 Nd7 10. 0-0 Be7 11. e4 dxc4 12. Bxc4 c5 13. dxc5 Nxc5 14. Qe2 a6 15. Rfd1 Qb6 16. a3 Rd8 17. b4 Rxd1+ 18. Rxd1 Nd7 19. e5 Qc7 20. Qe4 Nf8 21. Ne2 Bd7 22. Bd3 Bc6 23. Qe3 a5 24. Ned4 Bd5 25. Be4 Bxe4 26. Qxe4 axb4 27. axb4 Rd8 28. Rb1 Qb6 29. g3 Ng6 30. Kg2 Rd5 31. h4 Nxe5 32. Nf5 Nc6 33. Nxe7+ Nxe7 34. Rc1 Nc6 35. Rc4 Qd8 36. Kh2 Qd6 37. Kg2 Rb5 38. Nd4 Rxb4 39. Nxc6 Rxc4 40. Ne7+ Qxe7 41. Qxc4 Qd7 42. f3 b5 0-1

[Event "Arab CC-chT op"]
[Site "Hammamet"]
[Date "2019.03.01"]
[Round "6.1"]
[White "Oussedik, Mahfoud"]
[Black "Amdouni, Zoubaier"]
[Result "1-0"]
[WhiteElo "2305"]
[BlackElo "2275"]
[PlyCount "53"]
[EventDate "2019.02.26"]
[EventType "swiss"]
[EventRounds "7"]
[EventCountry "TUN"]
[SourceTitle "EXT 2024"]
[Source "ChessBase"]
[SourceDate "2023.10.10"]
[SourceVersion "1"]
[SourceVersionDate "2023.10.10"]
[SourceQuality "1"]
[WhiteTeam "Sporting Bel Abbes"]
[BlackTeam "Bouhjar"]
[WhiteTeamCountry "ALG"]
[BlackTeamCountry "TUN"]

1. d4 d5 2. c4 e6 3. Nf3 Nf6 4. g3 c6 5. Qc2 Nbd7 6. Bg2 Bb4+ 7. Nbd2 0-0 8. 0-0 b6 9. Qa4 Bxd2 10. Nxd2 Bb7 11. Rd1 c5 12. cxd5 cxd4 13. dxe6 Nc5 14. Qa3 Bxg2 15. Kxg2 d3 16. Nf3 Qe8 17. Rxd3 fxe6 18. Rd1 Qg6 19. Be3 Nce4 20. Rd4 Qh5 21. h3 Kh8 22. Rc1 e5 23. Rdd1 Rf7 24. Rc4 Raf8 25. Rc7 Nd5 26. Rxf7 Qxf7 27. Rxd5 1-0

[Event "ALG Cup"]
[Site "El Harrach"]
[Date "2019.02.01"]
[Round "9"]
[White "Ferrah, Hacene"]
[Black "Oussedik, Mahfoud"]
[Result "0-1"]
[WhiteElo "1826"]
[BlackElo "2319"]
[PlyCount "52"]
[EventDate "2018.11.23"]
[EventType "swiss"]
[EventRounds "14"]
[EventCountry "ALG"]
[SourceTitle "CBM 189 Extra"]
[Source "ChessBase"]
[SourceDate "2019.06.03"]
[SourceVersion "1"]
[SourceVersionDate "2019.06.03"]
[SourceQuality "1"]

1. e4 c5 2. Nf3 g6 3. d4 cxd4 4. Nxd4 Bg7 5. Nc3 Nc6 6. Be3 Nf6 7. f3 0-0 8. Qd2 d5 9. Nxc6 bxc6 10. e5 Nd7 11. f4 e6 12. Be2 c5 13. Bf3 Rb8 14. Nd1 d4 15. Bxd4 cxd4 16. Qxd4 Nxe5 17. Qxa7 Nxf3+ 18. gxf3 Qh4+ 19. Nf2 Qxf4 20. 0-0 Be5 21. Rfd1 Qxh2+ 22. Kf1 Rxb2 23. Rac1 Bb7 24. Rd3 Rc8 25. Rb3 Rxb3 26. axb3 Bxf3 0-1

[Event "ALG Cup"]
[Site "El Harrach"]
[Date "2019.01.02"]
[Round "8"]
[White "Oussedik, Mahfoud"]
[Black "Achour, Anis"]
[Result "1-0"]
[WhiteElo "2319"]
[BlackElo "1896"]
[PlyCount "79"]
[EventDate "2018.11.23"]
[EventType "swiss"]
[EventRounds "14"]
[EventCountry "ALG"]
[SourceTitle "CBM 189 Extra"]
[Source "ChessBase"]
[SourceDate "2019.06.03"]
[SourceVersion "1"]
[SourceVersionDate "2019.06.03"]
[SourceQuality "1"]

1. d4 d5 2. c4 e6 3. Nf3 Nf6 4. g3 Be7 5. Bg2 0-0 6. 0-0 dxc4 7. Na3 Bxa3 8. bxa3 Bd7 9. Qc2 Bc6 10. Qxc4 Qd5 11. Qc2 Qh5 12. Ne5 Bxg2 13. Kxg2 Nc6 14. Nxc6 bxc6 15. f3 Qd5 16. Rd1 Rab8 17. e4 Qb5 18. a4 Qa6 19. Ba3 Rfd8 20. Rac1 Rb6 21. Bc5 Rb7 22. a3 Nd7 23. Be7 Re8 24. Bb4 Nb8 25. Kf2 Rd8 26. Rb1 h6 27. Ke3 Rb6 28. f4 Qc8 29. a5 Rb5 30. a4 Rh5 31. Qe2 g6 32. h4 Na6 33. e5 Nxb4 34. Rxb4 Rd5 35. Qb2 Qa6 36. Rb8+ Kg7 37. Ra8 Qxa5 38. Qb8 Qc3+ 39. Ke2 Qc2+ 40. Rd2 1-0

[Event "Olympiad-43"]
[Site "Batumi"]
[Date "2018.10.04"]
[Round "10.4"]
[White "Razanadrakotoarisoa, Toavina"]
[Black "Oussedik, Mahfoud"]
[Result "0-1"]
[WhiteElo "2013"]
[BlackElo "2318"]
[PlyCount "62"]
[EventDate "2018.09.24"]
[EventType "team-swiss"]
[EventRounds "11"]
[EventCountry "GEO"]
[SourceTitle "CBM 187"]
[Source "ChessBase"]
[SourceDate "2018.12.11"]
[SourceVersion "1"]
[SourceVersionDate "2018.12.11"]
[SourceQuality "1"]
[WhiteTeam "Madagascar"]
[BlackTeam "Algeria"]
[WhiteTeamCountry "MAD"]
[BlackTeamCountry "ALG"]

1. e4 c5 2. Nf3 g6 3. d4 cxd4 4. Nxd4 Bg7 5. Nc3 Nc6 6. Be3 Nf6 7. Bc4 Qa5 8. Qd2 Qb4 9. Ndb5 Qxc4 10. Nc7+ Kd8 11. Nxa8 Nxe4 12. Nxe4 Qxe4 13. 0-0 b6 14. Rfe1 Qc4 15. Rad1 Bxb2 16. Bg5 f6 17. Be3 Bc3 18. Qe2 Qxe2 19. Rxe2 Ba5 20. Bf4 e5 21. Bh6 Re8 22. Rd6 Nd4 23. Rxd4 exd4 24. Rxe8+ Kxe8 25. Nc7+ Ke7 26. Nb5 Ba6 27. Nxd4 Bc4 28. a4 Kd6 29. Bg7 Bc3 30. Bf8+ Kd5 31. Nf3 Be2 0-1

[Event "Olympiad-43"]
[Site "Batumi"]
[Date "2018.10.01"]
[Round "7.9"]
[White "Ibarra Jerez, Jose Carlos"]
[Black "Oussedik, Mahfoud"]
[Result "1-0"]
[WhiteElo "2564"]
[BlackElo "2318"]
[PlyCount "69"]
[EventDate "2018.09.24"]
[EventType "team-swiss"]
[EventRounds "11"]
[EventCountry "GEO"]
[SourceTitle "CBM 187"]
[Source "ChessBase"]
[SourceDate "2018.12.11"]
[SourceVersion "1"]
[SourceVersionDate "2018.12.11"]
[SourceQuality "1"]
[WhiteTeam "Spain"]
[BlackTeam "Algeria"]
[WhiteTeamCountry "ESP"]
[BlackTeamCountry "ALG"]

1. e4 c5 2. Ne2 d6 3. g3 Nc6 4. Bg2 g6 5. c3 Bg7 6. d4 cxd4 7. cxd4 Bg4 8. f3 Bd7 9. Nbc3 Nf6 10. 0-0 0-0 11. h3 Qb6 12. f4 Rfd8 13. Kh2 Qa6 14. Be3 Bg4 15. d5 Nb4 16. Bd4 Bxe2 17. Nxe2 Rac8 18. Bc3 Nd3 19. Rf3 Nc5 20. Re3 Nfd7 21. Bxg7 Kxg7 22. Nc3 Qb6 23. Qe2 Qb4 24. a3 Qb6 25. b4 Na6 26. Rd1 Kg8 27. e5 Nf8 28. Ne4 dxe5 29. fxe5 Rc2 30. Qxc2 Qxe3 31. b5 Nb8 32. Qc7 Re8 33. e6 fxe6 34. dxe6 Kg7 35. Nd6 1-0

[Event "Chefchaouen op 17th"]
[Site "Chefchaouen"]
[Date "2018.07.29"]
[Round "9"]
[White "Akhrof, Lissandine"]
[Black "Oussedik, Mahfoud"]
[Result "0-1"]
[WhiteElo "2153"]
[BlackElo "2318"]
[PlyCount "88"]
[EventDate "2018.07.23"]
[EventType "swiss"]
[EventRounds "9"]
[EventCountry "MAR"]
[SourceTitle "EXT 2020"]
[Source "ChessBase"]
[SourceDate "2019.10.17"]
[SourceVersion "1"]
[SourceVersionDate "2019.10.17"]
[SourceQuality "1"]

1. d4 Nf6 2. Nf3 b6 3. g3 Bb7 4. Bg2 c5 5. c3 g6 6. 0-0 Bg7 7. a4 0-0 8. a5 d6 9. Nbd2 cxd4 10. cxd4 b5 11. Nb3 a6 12. Re1 Nbd7 13. Bd2 Rc8 14. Rc1 Rxc1 15. Nxc1 Qa8 16. Nd3 e5 17. dxe5 dxe5 18. Nb4 e4 19. Nh4 Ne5 20. Bc3 Nfg4 21. e3 f5 22. Qd6 Rf6 23. Qc5 Bf8 24. Qd4 Rd6 25. Qc5 Rd7 26. Qb6 Kf7 27. Bf1 Qc8 28. Nxa6 Bxa6 29. Bxb5 Bxb5 30. Qxb5 Qc6 31. Qb8 Nd3 32. Rf1 Qb7 33. Qxb7 Rxb7 34. h3 Nf6 35. Rd1 Ke6 36. Nf3 exf3 37. Rxd3 Ne4 38. Bh8 Bb4 39. a6 Ra7 40. Rd4 Be1 41. Ra4 Bxf2+ 42. Kh2 Bxg3+ 43. Kh1 Be1 44. Bc3 Ng3+ 0-1

[Event "Africa-ch"]
[Site "Livingstone"]
[Date "2018.05.18"]
[Round "7"]
[White "Oussedik, Mahfoud"]
[Black "Oatlhotse, Providence"]
[Result "1-0"]
[WhiteElo "2327"]
[BlackElo "2196"]
[PlyCount "101"]
[EventDate "2018.05.13"]
[EventType "swiss"]
[EventRounds "9"]
[EventCountry "ZAM"]
[SourceTitle "CBM 184 Extra"]
[Source "ChessBase"]
[SourceDate "2018.06.28"]
[SourceVersion "1"]
[SourceVersionDate "2018.06.28"]
[SourceQuality "1"]

1. d4 Nf6 2. c4 e6 3. g3 c5 4. d5 exd5 5. cxd5 b5 6. Bg2 Bb7 7. e4 d6 8. f4 Be7 9. Na3 a6 10. Nc2 0-0 11. Ne3 Nbd7 12. Nh3 Nb6 13. 0-0 Re8 14. Nf2 Bf8 15. b3 g6 16. Bb2 Bg7 17. Rb1 Rc8 18. g4 h6 19. h4 Nfd7 20. Bxg7 Kxg7 21. g5 h5 22. Bf3 Rh8 23. Nh1 Qc7 24. Ng3 Rce8 25. Bxh5 gxh5 26. Qd2 Reg8 27. Kh2 Kf8 28. Nef5 Ke8 29. Qc3 Kd8 30. Nh6 b4 31. Qa1 c4 32. bxc4 Ke8 33. Rbc1 Kf8 34. Nxh5 Qd8 35. Kh3 Bc8 36. Nxg8 Rxg8 37. Kg2 Qe7 38. Qd4 a5 39. Ng3 Nc5 40. e5 a4 41. Rce1 b3 42. axb3 axb3 43. h5 Nba4 44. h6 dxe5 45. Rxe5 Qd7 46. Rf5 Qxf5 47. Nxf5 Bxf5 48. Qf6 Be4+ 49. Kg1 Ke8 50. d6 Kd7 51. Qe7+ 1-0

[Event "Africa-ch"]
[Site "Livingstone"]
[Date "2018.05.13"]
[Round "1"]
[White "Eichab, Charles Sidney"]
[Black "Oussedik, Mahfoud"]
[Result "1/2-1/2"]
[WhiteElo "2029"]
[BlackElo "2327"]
[PlyCount "65"]
[EventDate "2018.05.13"]
[EventType "swiss"]
[EventRounds "9"]
[EventCountry "ZAM"]
[SourceTitle "CBM 184 Extra"]
[Source "ChessBase"]
[SourceDate "2018.06.28"]
[SourceVersion "1"]
[SourceVersionDate "2018.06.28"]
[SourceQuality "1"]

1. b3 e5 2. Bb2 Nc6 3. e3 d6 4. Nf3 Nf6 5. d4 e4 6. d5 Nb4 7. Ng5 h6 8. a3 Bg4 9. Qd2 Na6 10. Bb5+ Bd7 11. Bxd7+ Qxd7 12. Nh3 Qf5 13. Nc3 g5 14. 0-0-0 Bg7 15. Ne2 Nc5 16. Ng3 Qg6 17. Qe2 a5 18. Ng1 h5 19. h4 g4 20. Qc4 Nfd7 21. Bxg7 Qxg7 22. Qd4 Qe5 23. N1e2 Nb6 24. Nf4 0-0-0 25. Kb1 Rh6 26. Rd2 f6 27. Ka2 Kb8 28. Rb1 Re8 29. Kb2 a4 30. Kc3 axb3 31. cxb3 Rc8 32. Kc2 c6 33. Kd1 1/2-1/2